Návrh optimálneho modelu financovania výstavby rodinného domu s použitím stavebného úveru bakalárska práca

Na minha lista:
Detalhes bibliográficos
Autor principal: Brdiar, Ondrej
Autor Corporativo: Podnikovohospodárska fakulta EU so sídlom v Košiciach. Katedra účtovníctva a financií
Outros Autores: Varcholová, Tatiana
Formato: Livro
Idioma:eslovaco
Publicado em: Košice 2010
Tags: Adicionar Tag
Sem tags, seja o primeiro a adicionar uma tag!

MARC

LEADER 00000nbm a2200000 4500
001 0132913
005 20161109111453.5
041 0 |a slo 
044 |a SK 
245 1 0 |a Návrh optimálneho modelu financovania výstavby rodinného domu s použitím stavebného úveru  |b bakalárska práca  |c Ondrej Brdiar ; školiteľ: Tatiana Varcholová 
264 1 |a Košice  |c 2010 
300 |a 47 s. 
100 1 |a Brdiar, Ondrej 
700 1 |a Varcholová, Tatiana 
710 2 |a Podnikovohospodárska fakulta EU so sídlom v Košiciach. Katedra účtovníctva a financií